000 00572nam a2200205Ia 4500
003 GCL
008 140319s9999 xx 000 0 ara d
040 _aGCL /
_cGCL
082 0 4 _aد
_b050
100 1 _aطه حسين
245 1 0 _aصوت ابى العلاء ( اقرا 23 ) /
_cطه حسين
300 _a125 ص
490 _aوثائق ونصوص
_v0
650 0 4 _aالشعر العربى
650 0 4 _aالادب العربى
650 0 4 _aالعصر الجاهلى
650 0 4 _aالشعراء
650 0 4 _aابوالعلاء المعرى
942 _2ddc
_cCF
999 _c27246
_d27246